| 000 | 00392nam a2200133Ia 4500 | ||
|---|---|---|---|
| 008 | 231129s1997||||xx |||||||||||||| ||spa|| | ||
| 020 | _a84-8055-188-7 | ||
| 040 | _bspa | ||
| 082 | _aR 615.8 A881 | ||
| 245 | 0 | _aAtlas de la medicina naturalista y alternativas: terapias y consejos para la salud | |
| 260 | _c1997 | ||
| 264 | _aCultural | ||
| 942 |
_2ddc _cBKS |
||
| 999 |
_c5806 _d5806 |
||